Statistics for General Knowledge Quiz #10

Click here to take the quiz!

General Stats

  • This quiz has been taken 399,156 times
    (146,205 since last reset)
  • The average score is 12 of 20

Answer Stats

QuestionAnswer% Correct
What country does espresso come from originally?Italy
90%
What does the F in UFO stand for?Flying
89%
By weight and value, what is the most commonly grown crop in the United States?Corn
80%
What is the heaviest internal human organ?Liver
79%
What term refers to a luxurious apartment on the top floor of a tall building?Penthouse
77%
What is the main ingredient in hummus?Chickpeas
72%
What is the tallest kind of tree?Coast Redwood
61%
What country, despite having a population of just 5.5 million, has won more
Winter Olympics medals than any other?
Norway
61%
What book is about an English aristocrat named Viscount Greystoke who is raised by apes?
Tarzan
58%
What is the westernmost major city in Australia?Perth
56%
What is the first name of actresses McAdams and Weisz?Rachel
54%
What is the modern birthstone for the month of July?Ruby
54%
What comes in Pillbox, Panama, and Fez varieties?Hats
52%
What country's capital is Ulaanbaatar?Mongolia
48%
Where does a Muscovite live?Moscow
47%
What element has the symbol Sn?Tin
47%
What ancient city-state was ruled by King Leonidas?Sparta
46%
What molecule, formula C12H22O11, is commonly used as table sugar?Sucrose
36%
In what city do the movies "Robocop" and "Gran Torino" take place?Detroit
30%
Whose wife was turned into a pillar of salt?{Lot}'s
27%

Score Distribution

Percentile by Number Answered

Percent of People with Each Score

Your Score History

You have not taken this quiz since the last reset